000 00811nam a2200241 4500
008 040120s1991 ilu b 000 0 eng
020 _a0877843465 :USD9.95
090 _aBT40
_bM83o
100 1 _aMorris, Thomas V.
245 1 0 _aOur idea of God :
_ban introduction to philosophical theology /
_cThomas V. Morris.
260 _aDowners Grove, Ill. :
_bInterVarsity Press,
_c1991.
300 _a192 p. ;
_c21 cm.
336 _atext
337 _aunmediated
338 _avolume
490 1 _aContours of Christian philosophy
504 _aIncludes bibliographical references (p. [191]-192).
650 4 _aGod
_xAttributes.
650 4 _aPhilosophical theology.
856 _uhttps://drive.google.com/file/d/1hNAocy3OznOEfCArXWzjw0bAHsjAUtxN/view?usp=sharing
942 _2lcc
_cBK
951 _x00005621
999 _c18692
_d18692